This is my house / (Record no. 22390)
[ view plain ]
| 000 -BAŞLIK | |
|---|---|
| Sabit Uzunluktaki Kontrol Alanı | 00532nam a22001817a 4500 |
| 003 - KONTROL NUMARASI KİMLİĞİ | |
| Kontrol Alanı | koha_MIRAKIL |
| 005 - EN SON İŞLEM TARİHİ ve ZAMANI | |
| Kontrol Alanı | 20250603140507.0 |
| 008 - SABİT UZUNLUKTAKİ VERİ ÖGELERİ - GENEL BİLGİ | |
| Sabit Alan | 250603b eng||||| |||| 00| 0 eng d |
| 020 ## - ISBN - ULUSLARARASI STANDART KİTAP NUMARASI | |
| Isbn | 9780590453035 |
| 040 ## - KATALOGLAMA KAYNAĞI | |
| Özgün Kataloglama Kurumu | TR-IsEVY |
| Kataloglama Dili | tur |
| Çeviri Kurumu | TR-IsEVY |
| 082 ## - DEWEY ONU SINIFLAMA SİSTEMİ | |
| Sınıflama Numarası | 690 DOR/T |
| 100 ## - KİŞİ ADI | |
| Yazar Adı (Kişi adı) | Dorros, Arthur |
| 245 #0 - ESER ADI BİLDİRİMİ | |
| Başlık | This is my house / |
| Sorumluluk Bildirimi | Arthur Dorros. |
| 260 ## - YAYIN, DAĞITIM, VB. | |
| Yayın Yeri | New York : |
| Yayınevi | Scholastic , |
| Yayın Tarihi | 1992. |
| 300 ## - FİZİKSEL TANIMLAMA | |
| Sayfa, Cilt vb. | [30 ] p. |
| Diğer fiziki detaylar | colour pictures ; |
| Boyutları | 28 cm. |
| 650 ## - KONU BAŞLIĞI EK GİRİŞ - KONU TERİMİ | |
| Konusal terim veya coğrafi ad | Different Culture. |
| Alt başlık biçimi | Different House. |
| -- | World houses. |
| 942 ## - EK GİRİŞ ÖGELERİ (KOHA) | |
| Source of classification or shelving scheme | Dewey Decimal Classification |
| Koha item type | Kitap |
| Kayıp Durumu | Sınıflandırma Kaynağı | Hasarlı Durumu | Koleksiyon Kodu | Kalıcı Konum | Mevcut Konum | Kayıt Tarih | Edinim Kaynağı | Toplam Ödünçverme | Yer Numarası | Demirbaş Numarası | Son Görülme Tarihi | Fatura Tarihi | Materyal Türü | Kopya Bilgisi | Son Kontrol Tarihi |
|---|---|---|---|---|---|---|---|---|---|---|---|---|---|---|---|
| Dewey Decimal Classification | İlkokul | İLKOKUL KÜTÜPHANESİ | İLKOKUL KÜTÜPHANESİ | 03/06/2025 | Bağış | 690 DOR/T | 23695 | 03/06/2025 | 03/06/2025 | Kitap | |||||
| Dewey Decimal Classification | İlkokul | İLKOKUL KÜTÜPHANESİ | İLKOKUL KÜTÜPHANESİ | 03/06/2025 | Bağış | 690 DOR/T | 23696 | 03/06/2025 | 03/06/2025 | Kitap | k.2 | ||||
| Dewey Decimal Classification | İlkokul | İLKOKUL KÜTÜPHANESİ | İLKOKUL KÜTÜPHANESİ | 03/06/2025 | Bağış | 1 | 690 DOR/T | 23697 | 16/01/2026 | 03/06/2025 | Kitap | k.3 | 20/11/2025 |
